Statistics for 10 Random UN Member States

Click here to take the quiz!

General Stats

  • This quiz has been taken 18 times
  • The average score is 4 of 10

Answer Stats

Country% Correct
Afghanistan
100%
Algeria
100%
Antigua and Barbuda
100%
Belarus
100%
Benin
100%
Burundi
100%
China
100%
Cuba
100%
Ecuador
100%
Ethiopia
100%
Indonesia
100%
Ireland
100%
Lesotho
100%
Mozambique
100%
Namibia
100%
Nigeria
100%
Norway
100%
Suriname
100%
Tajikistan
100%
Vanuatu
100%
Yemen
100%
Mexico
67%
Belgium
50%
Cameroon
50%
El Salvador
50%
Estonia
50%
Ghana
50%
Italy
50%
Kenya
50%
United Kingdom
50%
Albania
0%
Andorra
0%
Angola
0%
Argentina
0%
Armenia
0%
Australia
0%
Austria
0%
Azerbaijan
0%
Bahamas
0%
Bahrain
0%
Bangladesh
0%
Barbados
0%
Belize
0%
Bhutan
0%
Bolivia
0%
Bosnia and Herzegovina
0%
Botswana
0%
Brazil
0%
Brunei
0%
Bulgaria
0%
Burkina Faso
0%
Cambodia
0%
Canada
0%
Cape Verde
0%
Central African Republic
0%
Chad
0%
Chile
0%
Colombia
0%
Comoros
0%
Costa Rica
0%
Croatia
0%
Cyprus
0%
Czech Republic
0%
Democratic Republic of the Congo
0%
Denmark
0%
Djibouti
0%
Dominica
0%
Dominican Republic
0%
East Timor
0%
Egypt
0%
Equatorial Guinea
0%
Eritrea
0%
Eswatini
0%
Federated States of Micronesia
0%
Fiji
0%
Finland
0%
France
0%
Gabon
0%
Gambia
0%
Georgia
0%
Germany
0%
Greece
0%
Grenada
0%
Guatemala
0%
Guinea
0%
Guinea-Bissau
0%
Guyana
0%
Haiti
0%
Honduras
0%
Hungary
0%
Iceland
0%
India
0%
Iran
0%
Iraq
0%
Israel
0%
Ivory Coast
0%
Jamaica
0%
Japan
0%
Jordan
0%
Kazakhstan
0%
Kiribati
0%
Kuwait
0%
Kyrgyzstan
0%
Laos
0%
Latvia
0%
Lebanon
0%
Liberia
0%
Libya
0%
Liechtenstein
0%
Lithuania
0%
Luxembourg
0%
Madagascar
0%
Malawi
0%
Malaysia
0%
Maldives
0%
Mali
0%
Malta
0%
Marshall Islands
0%
Mauritania
0%
Mauritius
0%
Moldova
0%
Monaco
0%
Mongolia
0%
Montenegro
0%
Morocco
0%
Myanmar
0%
Nauru
0%
Nepal
0%
Netherlands
0%
New Zealand
0%
Nicaragua
0%
Niger
0%
North Korea
0%
North Macedonia
0%
Oman
0%
Pakistan
0%
Palau
0%
Panama
0%
Papua New Guinea
0%
Paraguay
0%
Peru
0%
Philippines
0%
Poland
0%
Portugal
0%
Qatar
0%
Republic of the Congo
0%
Romania
0%
Russia
0%
Rwanda
0%
Saint Kitts and Nevis
0%
Saint Lucia
0%
Saint Vincent and the Grenadines
0%
Samoa
0%
San Marino
0%
São Tomé and Príncipe
0%
Saudi Arabia
0%
Senegal
0%
Serbia
0%
Seychelles
0%
Sierra Leone
0%
Singapore
0%
Slovakia
0%
Slovenia
0%
Solomon Islands
0%
Somalia
0%
South Africa
0%
South Korea
0%
South Sudan
0%
Spain
0%
Sri Lanka
0%
Sudan
0%
Sweden
0%
Switzerland
0%
Syria
0%
Tanzania
0%
Thailand
0%
Togo
0%
Tonga
0%
Trinidad and Tobago
0%
Tunisia
0%
Turkey
0%
Turkmenistan
0%
Tuvalu
0%
Uganda
0%
Ukraine
0%
United Arab Emirates
0%
United States
0%
Uruguay
0%
Uzbekistan
0%
Venezuela
0%
Vietnam
0%
Zambia
0%
Zimbabwe
0%

Score Distribution

Percentile by Number Answered

Percent of People with Each Score

Your Score History

You have not taken this quiz